| 000 | 00972nmm a2200313 a 4500 | ||
|---|---|---|---|
| 003 | AR-BaBNM | ||
| 005 | 20251128205223.0 | ||
| 008 | 317019s1994 ||||||||||||||000 | spa|| | ||
| 040 | _cAR-BaBNM | ||
| 110 | 2 | _aInstituto Antártico Argentino | |
| 245 | 1 | 0 | _aJornadas de Comunicación sobre Investigación Antárticas |
| 260 |
_aBuenos Aires _bDirección Nacional del Antártico _c1994 |
||
| 300 | 0 |
_a453 p. _bmapas, gráfs. |
|
| 650 | 4 | _aHISTORIA ARGENTINA | |
| 650 | 4 | _aCIENCIAS DE LA TIERRA | |
| 650 | 4 | _aPSICOLOGIA | |
| 650 | 4 | _aGEOGRAFIA REGIONAL | |
| 650 | 4 | _aGEOGRAFIA ECONOMICA | |
| 650 | 4 | _aINVESTIGACION ECOLOGICA | |
| 650 | 4 | _aMEDIO AMBIENTE NATURAL | |
| 650 | 4 | _aCAMBIOS AMBIENTALES | |
| 650 | 4 | _aOCEANOGRAFIA | |
| 650 | 4 | _aPOLITICA | |
| 651 | 4 | _aArgentina | |
| 651 | 4 | _aAntártida | |
| 711 | 2 |
_aJornadas de Comunicaciones sobre Investigaciones Antárticas _n3 _cBuenos Aires, Argentina _9oct. 17-21 _d1994 |
|
| 942 | _cBK | ||
| 998 | _cLAURA | ||
| 999 |
_c10497 _d10497 |
||